000 00576nam a2200229Ia 4500
003 OSt
005 20220918192543.0
006 a|||||r|||| 00| 0
007 ta
008 220917b |||||||| |||| 00| 0 eng d
024 _a68,963
037 _cTextual
040 _aARTS
_cARTS
_beng
041 _2eng
_aeng
082 _aR3:C8, K5
100 _aCollingwood R G
245 0 _aIdea of nature
260 _aOxford
_bAt The Clarendon Press UK
_c1965
300 _a183p.
_ccm.
942 _hR3:C8, K5
_cTEXL
_2CC
999 _c195126
_d195126